| 000 | 00370nam a2200145 a 4500 | ||
|---|---|---|---|
| 005 | 20140412111327.0 | ||
| 008 | 110120s19uu xx 00 eng d | ||
| 020 | _a0-673-80092-x | ||
| 050 |
_aTR(PS E _bDi61 1989 |
||
| 100 | _aBarton, Byron | ||
| 245 |
_aDinosaurs, Dinosaurs / _cByron Barton. |
||
| 260 |
_bScott foresman, _c1989. |
||
| 300 | _aunp. | ||
| 999 |
_c104692 _d104692 |
||